[Event "XV Carlos Torre"]
[Site "Merida MEX"]
[Date "2002.12.18"]
[Round "6"]
[White "Estrada Nieto,J"]
[Black "Valverde,R"]
[Result "1-0"]
[WhiteElo "2345"]
[BlackElo "2216"]

1.e4 c5 2.Nf3 d6 3.Bb5+ Bd7 4.Bxd7+ Nxd7 5.O-O Ngf6 6.Qe2 e6 7.b3 Be7 8.Bb2 O-O
9.c4 Rc8 10.d4 cxd4 11.Nxd4 Qa5 12.Nc3 Rfd8 13.Rad1 Nc5 14.Kh1 Bf8 15.Nc2 Qa6
16.Rd2 Qc6 17.f3 b6 18.Rfd1 Be7 19.Nb5 Rd7 20.Nb4 Qa8 21.Nxd6 Rcd8 22.e5 Ne8
23.Nxe8 Rxd2 24.Rxd2 Rxd2 25.Qxd2 Qxe8 26.Bc3 h6 27.Nd3 Nxd3 28.Qxd3 Qc6
29.Kg1 Qc5+ 30.Kf1 Qa3 31.Qd2 Bg5 32.f4 Be7 33.Qb2 Qc5 34.Bd4 Qb4 35.Qc2 Qa3
36.Qb2 Qb4 37.Ke2 Qa3  1-0

[Event "Cerrado CEMAR A"]
[Site "Mondariz ESP"]
[Date "2002.12.18"]
[Round "4"]
[White "Hoffman,A"]
[Black "Reinaldo Castineira,R"]
[Result "1-0"]
[WhiteElo "2504"]
[BlackElo "2412"]

1.e4 c5 2.Nf3 d6 3.Bb5+ Nc6 4.O-O Bd7 5.Re1 Nf6 6.c3 a6 7.Bf1 Bg4 8.h3 Bh5
9.d3 e5 10.Nbd2 Be7 11.a3 O-O 12.g4 Bg6 13.b4 d5 14.Bb2 d4 15.cxd4 cxd4 16.Nh4 Nd7
17.Nf5 Re8 18.Qf3 Nf8 19.Qg3 Ne6 20.Nf3 Ng5 21.Nxe7+ Qxe7 22.Nxg5 Qxg5 23.h4 Qd2
24.Re2 Qh6 25.Bc1  1-0

[Event "Christmas Open"]
[Site "Zadar CRO"]
[Date "2002.12.19"]
[Round "6"]
[White "Palac,M"]
[Black "Brkic,A"]
[Result "1/2-1/2"]
[WhiteElo "2568"]
[BlackElo "2372"]

1.e4 c5 2.Nf3 d6 3.Bb5+ Bd7 4.Bxd7+ Qxd7 5.c4 Nc6 6.d4 cxd4 7.Nxd4 g6 8.Nc3 Bg7
9.Nde2 Nf6 10.f3 O-O 11.O-O a6 12.a4 Qd8 13.Kh1 Nd7 14.Rb1 Nb4 15.Bg5 Bf6
16.Be3 Ne5 17.b3 Ned3 18.Qd2 Rc8 19.Rfd1 Qc7 20.a5 Nc5 21.Na2 Nxa2 22.Qxa2 Rfd8
23.Rbc1 e6 24.b4 Nd7 25.Qd2 Be7 26.Nc3 b6 27.Na4 bxa5 28.bxa5 Nc5 29.Qb4 Nxa4
30.Qxa4 Qc6 31.Qa1 Rd7 32.Rb1 Rdc7 33.Bb6 Rb7 34.Rbc1 Bd8 35.Bxd8 Rxd8 36.c5 Rbd7
37.cxd6 Rxd6 38.Rxd6 Qxd6 39.h3 e5 40.Qc3 h5 41.Rb1 Qf6 42.Qe3 Rd6 43.Rb6 Kg7
44.Rxd6 Qxd6 45.Qb6 Qd3 46.Qc5 Kf6 47.Kh2 Ke6 48.Qc8+ Ke7 49.Qc7+ Ke6 50.Kg3 Kf6
51.Qb6+ Kg7 52.Qc5 Kf6 53.Qf8 Ke6 54.Qe8+ Kf6 55.Kh2 Qd6 56.Qh8+ Ke7 57.Qa8 Kf6
58.Qb7 Qd3 59.Qc7 Ke6 60.Qc6+ Ke7 61.Qc7+  1/2-1/2

[Event "Christmas Open"]
[Site "Zadar CRO"]
[Date "2002.12.20"]
[Round "7"]
[White "Djingarova,E"]
[Black "Zufic,M"]
[Result "1-0"]
[WhiteElo "2269"]
[BlackElo "2321"]

1.e4 c5 2.Nf3 d6 3.Bb5+ Nc6 4.Bxc6+ bxc6 5.O-O e5 6.c3 Nf6 7.Re1 Bg4 8.h3 Bh5
9.d4 cxd4 10.cxd4 Bxf3 11.Qxf3 Nd7 12.dxe5 dxe5 13.Nc3 Bc5 14.Be3 O-O 15.Red1 Bxe3
16.Qxe3 Qe7 17.Rac1 Rfc8 18.Rc2 Nc5 19.Rdc1 Ne6 20.Nd5 Qb7 21.Rxc6 Rxc6 22.Rxc6 Qxb2
23.Ra6 Nd4 24.Kh2 Qb1 25.Ne7+ Kh8 26.Nf5 Qf1 27.Ra5 Ne2 28.f3 Nf4 29.Nh4 f6
30.Rxa7 Rd8 31.Qb6 Rg8 32.Rb7 Qe1 33.Nf5 Qd2 34.Qb2 Qxb2 35.Rxb2 Ra8 36.Rc2 g6
37.Nd6 Nd3 38.Rc8+ Rxc8 39.Nxc8 Kg7 40.a4 Nc5 41.a5 Kf7 42.Kg1 f5 43.Kf2 Ke6
44.Ke3 f4+ 45.Ke2 g5 46.Nb6 h5 47.Nc4 g4 48.hxg4 hxg4 49.fxg4 Nxe4 50.a6 Nc3+
51.Kd3 Nb5 52.Na3 Nc7 53.a7 Kd5 54.Nb5 e4+ 55.Ke2 Na8 56.Nc3+  1-0

[Event "Christmas Open"]
[Site "Zadar CRO"]
[Date "2002.12.22"]
[Round "9"]
[White "Jakic,I"]
[Black "Feletar,D"]
[Result "0-1"]
[WhiteElo "2285"]
[BlackElo "2420"]

1.e4 c5 2.Nf3 d6 3.Bb5+ Nd7 4.d4 Nf6 5.Nc3 a6 6.Bxd7+ Nxd7 7.Bg5 h6 8.Bh4 g5
9.Bg3 Bg7 10.d5 Qa5 11.O-O Bxc3 12.bxc3 Qxc3 13.Rb1 f6 14.Nd2 h5 15.Rb3 Qa5
16.Nc4 Qc7 17.e5 dxe5 18.d6 Qc6 19.dxe7 b5 20.Nd6+ Kxe7 21.Rd3 Nf8 22.Re1 Ng6
23.Ne4 Be6 24.Nxf6 Kxf6 25.Rd6 Qb7 26.Qd3 Rae8 27.Qc3 Kf7 28.Bxe5 Nh4 29.f3 Rh6
30.Qxc5 Nf5 31.Rb6 Qd5 32.Qa3 Bc8 33.Rxh6 Nxh6 34.Qe3 Nf5 35.Qxg5 Rxe5 36.Qxh5+ Ke7
37.Qh7+ Kd6 38.Qg6+ Be6  0-1

[Event "Open A"]
[Site "Bethune FRA"]
[Date "2002.12.26"]
[Round "1"]
[White "Degraeve,JM"]
[Black "Bruned,Y"]
[Result "1-0"]
[WhiteElo "2575"]
[BlackElo "2130"]

1.e4 c5 2.Nf3 d6 3.Bb5+ Bd7 4.Bxd7+ Qxd7 5.O-O Nf6 6.e5 dxe5 7.Nxe5 Qc7 8.d4 e6
9.Bf4 Bd6 10.Na3 Nd5 11.Bg3 Qe7 12.Nb5 Bxe5 13.Bxe5 Qd7 14.c4 O-O 15.dxc5 Na6
16.Nd6 f6 17.Bg3 Ne7 18.b4 Nxb4 19.Rb1 Nec6 20.a3 Na6 21.Rxb7 Qd8 22.Qg4 Nc7
23.Nb5 f5 24.Qe2 Nxb5 25.cxb5 Nd4 26.Qe5 Rf7 27.c6 Rc8 28.f3 f4 29.Bxf4  1-0

[Event "XVIII Winter Open"]
[Site "Nice FRA"]
[Date "2002.12.28"]
[Round "4"]
[White "Libiszewski,F"]
[Black "Hamdouchi,H"]
[Result "0-1"]
[WhiteElo "2316"]
[BlackElo "2593"]

1.e4 c5 2.Nf3 d6 3.Bb5+ Nd7 4.d4 cxd4 5.Qxd4 e5 6.Qd3 Be7 7.Nc3 Nf6 8.Bg5 O-O
9.Bxd7 Qxd7 10.Bxf6 Bxf6 11.Rd1 Qg4 12.O-O Rd8 13.Nd5 Be6 14.Nd2 Rac8 15.Nc4 Bg5
16.Nce3 Qh4 17.g3 Qh3 18.f4 exf4 19.gxf4 Bh4 20.Qe2 Bxd5 21.Rxd5 Re8 22.Nf5 Bd8
23.Qd3 Bb6+ 24.Kh1 Qxd3 25.cxd3 Rc2 26.Rxd6 g6 27.Ng3 Rxb2 28.Rd7 Rc8 29.Rf3 Rxa2
30.f5 g5 31.e5 Rc1+ 32.Nf1 Re2 33.d4 h6 34.e6 fxe6 35.f6 Re4 36.Kg2 Rc2+
37.Kh1 Rf4  0-1

[Event "Challengers"]
[Site "Hastings ENG"]
[Date "2002.12.31"]
[Round "4"]
[White "McDonald,N"]
[Black "Gormally,D"]
[Result "0-1"]
[WhiteElo "2391"]
[BlackElo "2502"]

1.e4 c5 2.Nf3 d6 3.Bb5+ Nd7 4.d4 Nf6 5.Nc3 cxd4 6.Qxd4 e5 7.Qd3 h6 8.Be3 Be7
9.Bc4 Nb8 10.Nd5 Nxd5 11.Bxd5 Nd7 12.Nd2 O-O 13.Nb1 Nf6 14.Nc3 Qc7 15.O-O a6
16.a4 Be6 17.a5 Rac8 18.Bb6 Qd7 19.Bb3 Bxb3 20.cxb3 Bd8 21.Be3 Qe6 22.Ra3 Be7
23.Rd1 Rfd8 24.b4 Qc4 25.Ra4 d5 26.Nxd5 Nxd5 27.Qxc4 Rxc4 28.exd5 Rxb4 29.Rxb4 Bxb4
30.Bb6 Rd7 31.f3 f5 32.g4 g6 33.Kf2 Kf7 34.gxf5 gxf5 35.Ke3 Kf6 36.f4 Bd6
37.fxe5+ Kxe5 38.b3 Be7 39.Bd4+ Kxd5 40.Bg7+ Ke6 41.Rxd7 Bg5+ 42.Kd4 Kxd7
43.Ke5 f4 44.Ke4 Kc6 45.h3 Kb5 46.Bc3 h5 47.Be1 Bd8 48.Bd2 f3 49.Kxf3 Bxa5
50.Bc1 Bb6 51.Bd2 Ba5 52.Bc1 b6 53.Ba3 Bb4 54.Bc1 Be7 55.Bd2 Kc6 56.Ke4 a5
57.Bc3 Bd8 58.Bd2 Kc5 59.Kd3 Kd5 60.Bc3 Bc7 61.Bf6 b5 62.Bb2 Bd6 63.Bc3 a4
64.bxa4 bxa4 65.Bb2 Bc5 66.Bc1 Ke5 67.Kc4 Be7 68.Kd3 Bf8 69.Ke2 Kd4 70.Bb2+ Kc4
71.Bc1 Kc3 72.Kd1 Kb3  0-1

[Event "32nd Rilton Cup"]
[Site "Stockholm SWE"]
[Date "2002.12.31"]
[Round "5"]
[White "Edlund,R"]
[Black "Hunt,H"]
[Result "0-1"]
[WhiteElo "2174"]
[BlackElo "2406"]

1.e4 c5 2.Nf3 d6 3.Bb5+ Nd7 4.d4 Nf6 5.Nc3 a6 6.Bxd7+ Nxd7 7.Bg5 cxd4 8.Qxd4 f6
9.Be3 e6 10.O-O Ne5 11.Nxe5 fxe5 12.Qb6 Qxb6 13.Bxb6 Bd7 14.Rfd1 Rc8 15.a4 Be7
16.Rd2 Rc4 17.a5 g5 18.Re1 g4 19.Nd1 Bc6 20.Rde2 Rf8 21.b3 Rb4 22.Nc3 Bd8
23.Na2 Bxb6 24.Nxb4 Bxa5 25.c3 Bb5 26.Rd2 Bb6 27.Nc2 Ke7 28.c4 Bc6 29.Rde2 h5
30.Nb4 Be8 31.Nd3 Bd4 32.Rd1 h4 33.g3 a5 34.Kg2 h3+ 35.Kf1 Rf3 36.Ke1 a4
37.bxa4 Bxa4  0-1

[Event "ch-NZL"]
[Site "Wanganui NZL"]
[Date "2003.01.02"]
[Round "1"]
[White "Van der Hoorn,M"]
[Black "Mc Laren,L"]
[Result "1-0"]
[WhiteElo "2143"]
[BlackElo "2274"]

1.e4 c5 2.Nf3 d6 3.Bb5+ Nd7 4.d4 Nf6 5.Nc3 cxd4 6.Qxd4 e5 7.Qd3 Be7 8.Bg5 O-O
9.Bxd7 Qxd7 10.Bxf6 Bxf6 11.Rd1 Rd8 12.Nd5 b6 13.O-O Bb7 14.Nxf6+ gxf6 15.Nh4 Kh8
16.Qf3 Qe6 17.c4 b5 18.b3 bxc4 19.bxc4 Rac8 20.Nf5 Rc6 21.Rb1 Ba6 22.Rfd1 Rg8
23.c5 dxc5 24.Rb8 Rcc8 25.Rxc8 Bxc8 26.Rd6 Qe8 27.Nh6 Qe7 28.Rxf6 Be6 29.Nxg8 Kxg8
30.Qg3+ Kf8 31.Qxe5 c4 32.Rf3 Qb4 33.h3 Ke7 34.Qc7+ Bd7 35.e5 Qb1+ 36.Kh2 Qxa2
37.Qd6+  1-0

[Event "38th Junior"]
[Site "Hallsberg SWE"]
[Date "2003.01.03"]
[Round "7"]
[White "Carlsson,P"]
[Black "Tomczak,Raf"]
[Result "1-0"]
[WhiteElo "2376"]
[BlackElo "2313"]

1.e4 c5 2.Nf3 d6 3.Bb5+ Nc6 4.O-O Bd7 5.Re1 Nf6 6.c3 a6 7.Bxc6 Bxc6 8.d4 Bxe4
9.Bg5 d5 10.Nbd2 Bg6 11.dxc5 e6 12.b4 Be7 13.Qa4+ Qd7 14.Qb3 O-O 15.h3 a5
16.Ne5 Qc7 17.Bf4 Qc8 18.a3 Rd8 19.Qb2 Nd7 20.Nb3 Nxe5 21.Bxe5 a4 22.Nd2 f6
23.Bg3 Bf8 24.f4 Qd7 25.Rad1 Bh5 26.Rc1 Re8 27.Re3 Rad8 28.Rce1 Bg6 29.Kh2 h5
30.Nf3 Be4 31.Qe2 Qc7 32.Nd2 h4 33.Bxh4 g5 34.Bg3 gxf4 35.Nxe4 dxe4 36.Qg4+ Bg7
37.Bxf4 Qf7 38.Rg3 f5 39.Qh4 Rd3 40.Ree3 Rxe3 41.Bxe3 Qc7 42.Bh6 Re7 43.Qxe7 Qxe7
44.Rxg7+ Qxg7 45.Bxg7 Kxg7 46.b5 Kf6 47.c6 bxc6 48.b6 e3 49.Kg1  1-0

[Event "38th Junior"]
[Site "Hallsberg SWE"]
[Date "2003.01.04"]
[Round "8"]
[White "Wallin,D"]
[Black "Halldorsson,H"]
[Result "1/2-1/2"]
[WhiteElo "2111"]
[BlackElo "2168"]

1.e4 c5 2.Nf3 d6 3.Bb5+ Bd7 4.a4 Nf6 5.d3 e6 6.e5 dxe5 7.Nxe5 Bxb5 8.axb5 Be7
9.Nc3 O-O 10.O-O Nbd7 11.Nc4 Nd5 12.Qf3 N7f6 13.Bg5 Nxc3 14.bxc3 Nd5 15.Bxe7 Qxe7
16.Ra3 Qd7 17.Rb1 f6 18.Ne3 Ne7 19.h4 Rfc8 20.h5 h6 21.Qe4 Nd5 22.Rba1 Re8
23.c4 Nxe3 24.Qxe3 b6 25.Qe4 Qf7 26.Qf3 e5 27.Re1  1/2-1/2

[Event "45th It"]
[Site "Reggio Emilia ITA"]
[Date "2003.01.06"]
[Round "9"]
[White "Mrdja,M"]
[Black "Palac,M"]
[Result "0-1"]
[WhiteElo "2368"]
[BlackElo "2568"]

1.e4 c5 2.Nf3 d6 3.Bb5+ Nd7 4.O-O Nf6 5.Re1 a6 6.Bf1 b6 7.c4 Bb7 8.Nc3 e6
9.b3 Be7 10.Bb2 O-O 11.d4 cxd4 12.Qxd4 Qc7 13.Rac1 Rac8 14.h3 Qb8 15.Nd2 Rfe8
16.b4 Bd8 17.a3 Bc7 18.Nf3 Rcd8 19.Rcd1 Qa8 20.Bd3 h6 21.Bc2 Rc8 22.Ba4 Red8
23.Bc2 Bb8 24.Bb3 Qa7 25.Qe3 Ba8 26.Rd2 Qc7 27.Red1 Qb7 28.Re1 Re8 29.Qe2 Nf8
30.Rd3 Ng6 31.Qd2 Nd7 32.h4 Nf6 33.g3 Qc7 34.Qd1 Qe7 35.Rd2 Red8 36.Qe2 Qb7
37.Nh2 Qc6 38.f4 h5 39.Qd1 b5 40.cxb5 Qb6+ 41.Rf2 Ba7 42.Re2 Rxc3  0-1

[Event "Bundesliga 2002-3"]
[Site "Godesberg GER"]
[Date "2003.01.11"]
[Round "8"]
[White "Tischbierek,R"]
[Black "Langheinrich,F"]
[Result "1/2-1/2"]
[WhiteElo "2506"]
[BlackElo "2366"]

1.e4 c5 2.Nf3 d6 3.Bb5+ Bd7 4.Bxd7+ Qxd7 5.c4 Nc6 6.Nc3 g6 7.d4 Bg7 8.d5 Bxc3+
9.bxc3 Na5 10.Nd2 f6 11.O-O e5 12.dxe6 Qxe6 13.Qa4+ Nc6 14.Rb1 O-O-O 15.Re1 Nge7
16.Nf1 g5 17.Bd2 Qd7 18.Ne3 b6 19.Qa6+ Qb7 20.Qb5 Kc7 21.a4 a6 22.Qb3 a5
23.Rb2 Ne5 24.Reb1 Rb8 25.Qc2 h5 26.Be1 g4 27.Qe2 Rhg8 28.Kh1 h4 29.f4 gxf3
30.gxf3 Qc8 31.Qf1 Rh8 32.h3 Qe8 33.f4 Nd7 34.Qf3 Qf7 35.Rd1 Rbd8 36.Rbd2 Nb8
37.Bf2 Nbc6 38.Bg1 Qg8 39.Bh2 Qf7 40.Nd5+ Nxd5 41.cxd5 Ne7 42.c4 Rdg8 43.Rf1 Rg7
44.Rg2 Rxg2 45.Qxg2 Rg8 46.Qf3 Qe8 47.Ra1 Kb7 48.Qd3 Ka7 49.Qf3 Qd7 50.Qb3 Qe8
51.Qf3 Rg7 52.Qd3 Ka6 53.Qf3 Ka7 54.Qd3  1/2-1/2

[Event "Keres Memorial Rapid"]
[Site "Tallinn EST"]
[Date "2003.01.11"]
[Round "2"]
[White "Miroshnichenko,E"]
[Black "Veingold,A"]
[Result "1-0"]
[WhiteElo "2538"]
[BlackElo "2480"]

1.e4 c5 2.Nf3 d6 3.Bb5+ Nc6 4.O-O Bd7 5.Re1 Nf6 6.c3 a6 7.Bf1 Bg4 8.h3 Bxf3
9.Qxf3 g6 10.Qd1 Qa5 11.Na3 Bg7 12.Nc4 Qc7 13.a4 O-O 14.a5 Rad8 15.d3 d5
16.exd5 Nxd5 17.Qe2 Rd7 18.g3 Rfd8 19.Bg2 e6 20.h4 h5 21.Bg5 Nce7 22.Ra3 Bf6
23.Bxf6 Nxf6 24.Ne5 Rd6 25.Qf3 Nf5 26.Qxb7 Qxb7 27.Bxb7 Rb8 28.Be4 Nxe4 29.dxe4 Ne7
30.Nc4 Rd3 31.Kf1 Nc6 32.Ke2 Rd7 33.Rd1 Rxd1 34.Kxd1 f6 35.Kc2 g5 36.Ra1 gxh4
37.gxh4 Rd8 38.Rg1+ Kf7 39.Rg3 Ne7 40.e5 Nf5 41.Rg1 Nxh4 42.Nd6+ Kf8 43.Rh1 Ng6
44.Rxh5 Nxe5 45.Rh8+ Ke7 46.Rxd8 Kxd8 47.Nb7+ Kc7 48.Nxc5 Kd6 49.b4 Ng4 50.f4 Ne3+
51.Kd2 Nd5 52.Nxa6 Nxf4 53.c4 e5 54.Nc5 Kc6 55.a6 Kb6 56.b5 Ng6 57.Nd7+ Ka7
58.Nxf6 Nf4 59.Ne8 Ne6 60.Kc3 Nd4 61.Kb4 Nc2+ 62.Kc5 Ne3 63.Nd6 Nf5 64.Nxf5  1-0

[Event "Keres Memorial Rapid"]
[Site "Tallinn EST"]
[Date "2003.01.11"]
[Round "3"]
[White "Gavrikov,Vi"]
[Black "Miroshnichenko,E"]
[Result "0-1"]
[WhiteElo "2570"]
[BlackElo "2538"]

1.e4 c5 2.Nf3 d6 3.Bb5+ Bd7 4.Bxd7+ Qxd7 5.c4 Nc6 6.d4 cxd4 7.Nxd4 Nf6 8.Nc3 g6
9.Nc2 Bg7 10.O-O O-O 11.Qe2 Rac8 12.Bd2 Qc7 13.Rad1 a6 14.b3 Nd7 15.Nd5 Qb8
16.Be1 Rfe8 17.f4 b5 18.cxb5 axb5 19.Kh1 Qb7 20.Rf3 Ra8 21.Ndb4 Nc5 22.Re3 Ne6
23.f5 Ned4 24.Nxd4 Nxd4 25.Qd3 Nc6 26.Re2 Nxb4 27.Bxb4 Rec8 28.h4 Be5 29.Qf3 Kg7
30.Rf1 f6 31.g4 Ra6 32.g5 Rac6 33.h5 Rc1 34.Be1 R8c2 35.fxg6 hxg6 36.gxf6+ exf6
37.Rxc2 Rxc2 38.hxg6 Qa8 39.Rf2 Rc1 40.Qe3 Qh8+ 41.Kg1 Qc8 42.Kf1 b4 43.Re2 Kxg6
44.Rg2+ Kf7 45.Qa7+ Rc7 46.Qa5 Rc5 47.Qxb4 Qh3 48.Qb7+ Ke6 49.Qa8 Qh1+ 50.Kf2 Qxe1+  0-1

[Event "TCh-BEL 2002-3"]
[Site "Belgium BEL"]
[Date "2003.01.12"]
[Round "6"]
[White "Schalkx,J"]
[Black "Knoppert,E"]
[Result "1/2-1/2"]
[WhiteElo "2229"]
[BlackElo "2322"]

1.e4 c5 2.Nf3 d6 3.Bb5+ Nd7 4.d4 cxd4 5.Qxd4 a6 6.Bxd7+ Bxd7 7.O-O e6 8.c4 h6
9.Nc3 Nf6 10.e5 dxe5 11.Nxe5 Qc7 12.Re1 Rd8 13.Ng4 Nxg4 14.Qxg4 h5 15.Qh4 Bc6
16.Bg5 Be7 17.Rac1 f6 18.Be3 Kf7 19.f4 Rd3 20.Qf2 Qd7 21.Qe2 Bb4 22.Rcd1 Rxd1
23.Rxd1 Qe7 24.Bd4 g6 25.a3 Bc5 26.Qe3 Bxd4 27.Qxd4 Rc8 28.b4 Rc7 29.Ne4 Bxe4
30.Qxe4 Rd7 31.Rxd7 Qxd7 32.h3 h4 33.f5 exf5 34.Qxh4 Qd1+ 35.Kh2 Qd6+  1/2-1/2

[Event "TCh-BEL 2002-3"]
[Site "Belgium BEL"]
[Date "2003.01.12"]
[Round "6"]
[White "Claesen,P"]
[Black "Kohlweyer,B"]
[Result "1/2-1/2"]
[WhiteElo "2396"]
[BlackElo "2450"]

1.e4 c5 2.Nf3 d6 3.Bb5+ Nd7 4.O-O Nf6 5.Nc3 g6 6.a4 Bg7 7.d3 O-O 8.Bf4 h6
9.h3 Qc7 10.Bh2 a6 11.Bc4 e6 12.Nd2 Ne5 13.Ba2 Qd8 14.a5 Qxa5 15.Bxe6 Qd8
16.Bb3 Be6 17.f4 Nc6 18.Bxe6 fxe6 19.Nf3 Nh7 20.Qe1 Nd4 21.Nxd4 cxd4 22.Ne2 Rc8
23.Rc1 e5 24.Kh1  1/2-1/2

[Event "Troll Masters"]
[Site "Gausdal NOR"]
[Date "2003.01.12"]
[Round "7"]
[White "Valenti,G"]
[Black "Bluvshtein,M"]
[Result "0-1"]
[WhiteElo "2230"]
[BlackElo "2461"]

1.e4 c5 2.Nf3 d6 3.Bb5+ Nd7 4.d4 cxd4 5.Qxd4 a6 6.Be2 Ngf6 7.Nc3 e5 8.Qd1 b5
9.a3 Bb7 10.Bd3 Be7 11.O-O O-O 12.Re1 Rc8 13.Nh4 g6 14.Bh6 Re8 15.Qf3 Nc5
16.g3 d5 17.Rad1 d4 18.Bf1 Ncd7 19.Bh3 dxc3 20.Bg5 cxb2 21.Bxf6 b1=Q 22.Rxb1 Nxf6
23.Bxc8 Qxc8 24.Re2 Nxe4  0-1

[Event "Bundesliga 2002-3"]
[Site "Godesberg GER"]
[Date "2003.01.12"]
[Round "9"]
[White "Breder,D"]
[Black "Rogozenko,D"]
[Result "1/2-1/2"]
[WhiteElo "2445"]
[BlackElo "2519"]

1.e4 c5 2.Nf3 d6 3.Bb5+ Bd7 4.Bxd7+ Qxd7 5.O-O Nf6 6.e5 dxe5 7.Nxe5 Qd6 8.Qe2 Nc6
9.Qb5 Rc8 10.Qxb7 Rc7 11.Qa8+ Nd8 12.Nc4 Qa6 13.d3 Rb7 14.Bd2 e6 15.Ba5 Be7
16.Nd6+ Qxd6 17.Bxd8 Qb8 18.Qxb8 Rxb8 19.Bxe7 Kxe7 20.b3 Nd5 21.a3 Rhd8 22.Nd2 f5
23.Nc4 Kf6 24.Rfe1 g5 25.Re5 Rbc8 26.Rae1 Rc6 27.f3 h5 28.g3 Rdc8 29.Kf2 Ne7
30.b4 Ng6 31.R5e2 cxb4 32.axb4 Re8 33.Ra1 a6 34.Ra4 h4 35.gxh4 gxh4 36.Ke3 h3
37.Re1 Rh8 38.Rg1 Ne7 39.Kd2 Rh4 40.Raa1 Nd5 41.c3 Rh8 42.Ra5 Rhc8 43.b5 axb5
44.Rxb5 Ra8 45.Kc2 Nf4 46.Rb2  1/2-1/2

[Event "Keres Memorial Rapid"]
[Site "Tallinn EST"]
[Date "2003.01.12"]
[Round "5"]
[White "Morozevich,A"]
[Black "Miroshnichenko,E"]
[Result "1/2-1/2"]
[WhiteElo "2678"]
[BlackElo "2538"]

1.e4 c5 2.Nf3 d6 3.Bb5+ Bd7 4.Bxd7+ Qxd7 5.O-O Nc6 6.Re1 Nf6 7.c3 e6 8.d3 Be7
9.Nbd2 O-O 10.Nf1 b5 11.d4 d5 12.Ne5 Qb7 13.Nxc6 Qxc6 14.e5 Nd7 15.Qg4 Rfd8
16.Bg5 Bf8 17.h4 Rac8 18.h5 b4 19.Re3 bxc3 20.bxc3 cxd4 21.cxd4 Qa4 22.h6 g6
23.Qf4 Nb6 24.Rf3 Rc7 25.Ne3 Rdc8 26.Kh2 Nc4 27.Ng4 f5 28.Nf6+ Kh8 29.g4 Qc2
30.Rc1 Qxa2 31.gxf5 exf5 32.Nxd5 Rc6 33.Nc3 Qa6 34.d5 Rc5 35.Kg2 Qb7 36.e6 Bd6
37.Qd4+ Kg8 38.Re1 Ne5 39.Rxe5 Rc4 40.Qxc4 Rxc4 41.e7 Rg4+ 42.Rg3 Bxe7 43.Rxe7 Rxg3+
44.Kxg3 Qb3 45.Rc7 a5 46.d6 Qb4 47.Bf4 g5 48.Rg7+ Kf8 49.Bxg5 Qxc3+ 50.f3  1/2-1/2

[Event "XXVIII"]
[Site "Seville ESP"]
[Date "2003.01.16"]
[Round "7"]
[White "Cabrera,A"]
[Black "Tiviakov,S"]
[Result "1/2-1/2"]
[WhiteElo "2478"]
[BlackElo "2635"]

1.e4 c5 2.Nf3 d6 3.Bb5+ Nc6 4.O-O Bd7 5.Re1 Nf6 6.h3 e6 7.c3 Ne5 8.Bxd7+ Qxd7
9.d3 Be7 10.Bf4 Nxf3+ 11.Qxf3 O-O 12.Nd2 b5 13.d4 cxd4 14.cxd4 Rfc8 15.Qd3 Qb7
16.Rec1 d5 17.e5 Nd7 18.Nb3 Qb6 19.Be3 a5 20.Rc2 Rc4 21.Nd2 Rc6 22.Rac1 Rac8
23.f4 a4 24.Nf3 Nb8 25.f5 Rxc2 26.Rxc2 Rxc2 27.Qxc2 Qc6 28.Qb1 exf5 29.Qxf5 h6
30.h4 Nd7 31.h5 Nf8 32.Qd3 Ne6 33.b3 Nc7 34.Kf2 Qd7 35.Qc2 Ne6 36.Qc1 Bd8
37.Qc2 Bb6 38.g4 Bd8 39.Kg3 Be7 40.Bd2 Bd8 41.Be3 Bc7 42.Kf2 Qe8 43.g5 hxg5
44.Bxg5 axb3 45.axb3 Bb6  1/2-1/2

[Event "TCh-CZE 2002-3"]
[Site "Czech Rep CZE"]
[Date "2003.01.18"]
[Round "5"]
[White "Rasik,V"]
[Black "Jaworski,Mi"]
[Result "0-1"]
[WhiteElo "2436"]
[BlackElo "2345"]

1.e4 c5 2.Nf3 d6 3.Bb5+ Bd7 4.Bc4 b5 5.Be2 e5 6.c3 Nf6 7.d4 Qc7 8.O-O Be7
9.Bg5 O-O 10.Nbd2 a6 11.a4 bxa4 12.d5 Bb5 13.c4 Be8 14.Qc1 Ng4 15.Bd1 Bxg5
16.Nxg5 Nf6 17.Qc3 Qe7 18.Ngf3 Nh5 19.Nxe5 f5 20.Nef3 fxe4 21.Re1 Bg6 22.Bc2 Nf6
23.Nh4 Bh5 24.Nf5 Qd7 25.Ng3 Qf7 26.Ndxe4 Nxe4 27.Nxe4 Bg6 28.f3 Bxe4 29.Rxe4 Nd7
30.Bxa4 Ne5 31.f4 Rab8 32.Bc2 Ng6 33.g3 Ne5 34.b3 Ng4 35.Rae1 Qh5 36.h4 Nf6
37.Re7 Qg4 38.Bd1 Qh3 39.Qf3 h5 40.Qg2 Qf5 41.Qc2 Qxc2 42.Bxc2 Rf7 43.R7e6 Rd7
44.Bg6 Rbd8 45.R1e3 Rb7 46.Kg2 Kf8 47.g4 hxg4 48.h5 Kg8 49.Kg3 Rdb8 50.Rxd6 Rxb3
51.Rxb3 Rxb3+ 52.Kh4 Rh3+ 53.Kg5 Rxh5+ 54.Bxh5 Ne4+ 55.Kxg4 Nxd6 56.Kf3 a5
57.Ke3 Nxc4+ 58.Kd3 Nd6 59.Kc3 Kf8 60.Kb3 Ke7 61.Ka4 Ne4 62.Kxa5 Kd6 63.Bg6 Nc3
64.Bc2 Nxd5 65.f5 c4 66.Ka4 Ne3  0-1

[Event "ch-IND"]
[Site "Mumbai IND"]
[Date "2003.01.18"]
[Round "2"]
[White "Satyapragyan,S"]
[Black "Bakre,T"]
[Result "1/2-1/2"]
[WhiteElo "2438"]
[BlackElo "2464"]

1.e4 c5 2.Nf3 d6 3.Bb5+ Bd7 4.Bxd7+ Qxd7 5.c4 Nc6 6.d4 cxd4 7.Nxd4 Nf6 8.Nc3 Qg4
9.Qxg4 Nxg4 10.Nxc6 bxc6 11.Bf4 Nf6 12.f3 Nd7 13.O-O-O g6 14.Be3 Bg7  1/2-1/2

[Event "TSGM Jan"]
[Site "Novi Sad YUG"]
[Date "2003.01.18"]
[Round "1"]
[White "Savic,Miod1"]
[Black "Ilincic,Z"]
[Result "0-1"]
[WhiteElo "2506"]
[BlackElo "2535"]

1.e4 c5 2.Nf3 d6 3.Bb5+ Bd7 4.Bxd7+ Qxd7 5.O-O Nc6 6.c3 Nf6 7.Re1 e6 8.d3 Be7
9.Bf4 O-O 10.a4 h6 11.Nbd2 e5 12.Bg3 Rfe8 13.Nc4 Bf8 14.Bh4 g5 15.Bg3 Rad8
16.Qb3 Re6 17.Rad1 Bg7 18.Qb5 Nh5 19.Ne3 a6 20.Qb3 Ne7 21.Nd5 Nxd5 22.Qxd5 Nf6
23.Qb3 Qc6 24.Rd2 b5 25.axb5 axb5 26.Qc2 Ra8 27.Rdd1 Ree8 28.h4 g4 29.Nh2 h5
30.Qc1 Nh7 31.Nf1 Re6 32.Qc2 Bh6 33.Ne3 Bxe3 34.fxe3 Kg7 35.Rf1 Rf6 36.Rxf6 Nxf6
37.Rf1 Rh8 38.b3 c4 39.bxc4 bxc4 40.Qf2 Rh6 41.d4 Qxe4 42.Kh2 Rg6 43.dxe5 dxe5
44.Kh1 Kh6 45.Qf5 Qxf5 46.Rxf5 Ne4 47.Bxe5 Re6 48.Bf4+ Kg6 49.Rd5 f5 50.Kh2 Ra6
51.Rd4 Rc6 52.Be5 Nxc3 53.Rd2 Ne4 54.Rc2 Kf7 55.Kg1 Ke6 56.Bd4 Kd5 57.Ra2 c3
58.Ra5+ Kc4 59.Bxc3 Kxc3 60.Rxf5 Rc5 61.Rf1 Kd2 62.Kh2 Rc1  0-1

[Event "4NCL"]
[Site "Telford ENG"]
[Date "2003.01.18"]
[Round "3"]
[White "Trent,L"]
[Black "Bisby,D"]
[Result "1-0"]
[WhiteElo "2257"]
[BlackElo "2283"]

1.e4 c5 2.Nf3 d6 3.Bb5+ Bd7 4.Bxd7+ Qxd7 5.c4 Nf6 6.Nc3 Nc6 7.d4 cxd4 8.Nxd4 Qg4
9.O-O Qxd1 10.Rxd1 g6 11.Nde2 Bg7 12.f3 O-O 13.Be3 Nd7 14.Rac1 Nc5 15.b3 Rfd8
16.Nd5 a5 17.Nec3 Kf8 18.Nb5 Ne6 19.f4 Kg8 20.f5 Nc5 21.f6 exf6 22.Nxd6 Rxd6
23.Bxc5 Rdd8 24.Rf1 Nb4 25.Bxb4 axb4 26.Rc2 Ra6 27.Nxb4 Re6 28.Nd5 Kf8 29.a4 Rxe4
30.Nxf6 Bxf6 31.Rxf6 Rd3 32.Rb6 Rd1+ 33.Kf2 Rf4+ 34.Kg3 g5 35.Rf2 Rd3+ 36.Rf3 Rfxf3+
37.gxf3 h5 38.Rxb7 g4 39.a5 Rxf3+ 40.Kg2 Rf6 41.b4 h4 42.b5 Rd6 43.a6 Rd2+
44.Kf1 Ra2 45.a7 Kg7 46.b6 h3 47.Rd7 g3 48.hxg3 h2 49.a8=Q Rxa8 50.Kg2 Ra2+
51.Kh1  1-0

[Event "ch-IND"]
[Site "Mumbai IND"]
[Date "2003.01.19"]
[Round "3"]
[White "Venkatesh,M"]
[Black "Sriram,J"]
[Result "1/2-1/2"]
[WhiteElo "2399"]
[BlackElo "2448"]

1.e4 c5 2.Nf3 d6 3.Bb5+ Nc6 4.O-O Bd7 5.Re1 Nf6 6.c3 a6 7.Bf1 Bg4 8.h3 Bh5
9.d3 e6 10.g4 Bg6 11.Nh4 Nd7 12.g5 e5 13.Qg4 Be7 14.Nf5 O-O 15.h4 f6 16.Nxd6 fxg5
17.hxg5 Bxd6 18.Qe6+ Bf7 19.Qxd6 Qe8 20.Bh3 Rd8 21.Be3 Ndb8 22.Qxc5 Rxd3
23.Nd2 Nd7 24.Qa3 Nd4 25.Qa4 Be6 26.cxd4 exd4 27.Bxe6+ Qxe6 28.Qc4 Qxc4 29.Nxc4 dxe3
30.Rxe3 Rxe3 31.Nxe3 Nc5 32.e5 Nd3 33.e6 Nf4 34.Rd1 Nxe6 35.Rd5 Nf4 36.Rd7 Rf7
37.Rd8+ Rf8 38.Rd7 Rf7 39.Rd8+ Rf8 40.Rd1 Ne6 41.Rd5 Rd8 42.Rd7 Rf8 43.Rxb7 Nxg5
44.Kg2 Nh3 45.Kxh3 Rxf2 46.Nf5 Re2 47.Ne3 Rf2 48.Kg3 Rf8 49.Kg2 Rd8 50.Kg1  1/2-1/2

[Event "4NCL"]
[Site "Telford ENG"]
[Date "2003.01.19"]
[Round "4"]
[White "Wilson,A"]
[Black "Hunt,H"]
[Result "0-1"]
[WhiteElo "2029"]
[BlackElo "2389"]

1.e4 c5 2.Nf3 d6 3.Bb5+ Nd7 4.d4 Nf6 5.Nc3 a6 6.Bxd7+ Nxd7 7.O-O e6 8.Bg5 Qc7
9.d5 e5 10.a4 g6 11.Nd2 Rb8 12.a5 h6 13.Be3 b5 14.axb6 Nxb6 15.f4 exf4 16.Bxf4 Bg7
17.Qf3 O-O 18.Qg3 Rd8 19.Na4 Nxa4 20.Rxa4 g5 21.Be3 Rxb2 22.h4 f6 23.Rc4 Qe7
24.e5 Qxe5 25.Qxe5 dxe5 26.hxg5 hxg5 27.Rxc5 Rb5 28.c4 Rxc5 29.Bxc5 Kf7 30.Ne4 g4
31.Bb6 Rh8 32.c5 f5 33.Nd6+ Kf6 34.c6 Bh6 35.Rd1 Bg5 36.Nxc8 Rxc8 37.c7 Ke7
38.d6+ Kd7 39.Bc5 a5 40.Ra1 Bd2 41.Rd1 Bb4 42.Be3 a4 43.Rd5 Bxd6 44.Bc5 Kc6
45.Rxd6+ Kxc5  0-1

[Event "GMB"]
[Site "Wijk aan Zee NED"]
[Date "2003.01.19"]
[Round "7"]
[White "Zhang Zhong"]
[Black "Naiditsch,A"]
[Result "1-0"]
[WhiteElo "2624"]
[BlackElo "2585"]

1.e4 c5 2.Nf3 d6 3.Bb5+ Bd7 4.Bxd7+ Qxd7 5.c4 Nc6 6.Nc3 Nf6 7.d4 cxd4 8.Nxd4 g6
9.f3 Bg7 10.Nde2 O-O 11.O-O Rfc8 12.b3 a6 13.a4 Qd8 14.Be3 Nd7 15.Rb1 Qa5
16.Qd2 Qb4 17.Rfd1 Nc5 18.Qc2 Qa5 19.Kh1 Nd7 20.Qd2 Qb4 21.Bg5 Re8 22.Bh4 Rac8
23.f4 Nc5 24.Qc2 Qa3 25.Rf1 e6 26.f5 Nb4 27.Qd1 exf5 28.exf5 Ne4 29.Nxe4 Rxe4
30.Bg5 Ree8 31.Ng3 Nc6 32.fxg6 hxg6 33.Rxf7 Qc5 34.Rxg7+ Kxg7 35.Qg4 Ne5
36.Qh4 Nf7 37.Bf6+ Kg8 38.Qg4 Kh7 39.Rf1 Rc7 40.Qh4+ Kg8 41.h3 Qe3 42.Kh2 Qh6
43.Qg4 Ne5 44.Bxe5 dxe5 45.Ne4 Ree7 46.Nf6+ Kh8 47.Nd5 Rf7 48.Re1 Rc6 49.Rxe5 Qf8
50.Qg3 Qd6 51.c5 Qf8 52.b4 Kg7 53.Qc3 Kg8 54.Qe3 Kh7 55.Re8 Qg7 56.b5  1-0